Figure Out the Lyrics (Fireworks Edition) Quiz Stats

 Plays Quiz Updated Jul 3, 2014

Support Sporcle.
Go Orange.
Score 0/80 Timer 06:00
3 Plays Today
% Correct
the
94.7%
the
94.7%
the
94.7%
the
94.7%
the
94.7%
the
94.7%
the
94.7%
the
94.7%
the
94.7%
the
94.7%
the
94.7%
you
92.8%
and
85.1%
And
85.1%
and
85.1%
we
81%
we
80.9%
in
77.4%
can
76.4%
O
75.2%
Oh
75%
of
71.2%
of
71.2%
so
71.2%
so
71.1%
see
70.9%
what
70.3%
that
66.2%
that
66.2%
by
65.3%
say
65.1%
say
65.1%
light
64.4%
there.
64.4%
was
61.7%
night
60.2%
at
59.7%
early
59.5%
dawn's
59.5%
stars
57.8%
% Correct
our
57.8%
home
57.7%
free
57.5%
land
57.3%
brave.
57.3%
were
56.8%
proudly
55.6%
does
55.5%
banner
55.3%
last
54.7%
thru
54.6%
red
54.5%
through
54.4%
still
54.3%
flag
54%
gleaming.
53.4%
air,
53.3%
o'er
53.2%
o'er
53.2%
rocket's
52.7%
bright
52.7%
twilight's
52.5%
bursting
52.4%
bombs
52.4%
wave
52%
glare,
52%
yet
51.9%
stripes
51.6%
gave
51.3%
star-spangled
50.2%
proof
49.3%
ramparts
48.4%
Whose
47.2%
fight,
47%
hailed
47%
streaming?
46.7%
broad
46.5%
watched
46.3%
perilous
45.3%
gallantly
44.9%

You're not logged in!

Compare scores with friends on all Sporcle quizzes.
OR
Log In
Forgot?

From the Vault

Geographical Jumbles II

by beforever

Also known as what happens when all the tectonic plates shuffle around. Less of a catchy ring to it, though.
Remove Ads.
Support Sporcle.
Get the best of Sporcle when you Go Orange. This ad-free experience offers more features, more stats, and more fun while also helping to support Sporcle. Thank you for becoming a member.

Show Comments

Extras

Top Quizzes Today


Score Distribution

Your Account Isn't Verified!

In order to create a playlist on Sporcle, you need to verify the email address you used during registration. Go to your Sporcle Settings to finish the process.

Report this User

Report this user for behavior that violates our Community Guidelines.

Details: